Online
Catalog

Ariel / (Record no. 34108)

MARC details
000 -CABECERA
campo de control de longitud fija 00650cam a2200193u 4500
001 - NÚMERO DE CONTROL
campo de control 000034617
005 - FECHA Y HORA DE LA ÚLTIMA TRANSACCIÓN
campo de control 20200930073811.0
008 - DATOS DE LONGITUD FIJA--INFORMACIÓN GENERAL
campo de control de longitud fija 810313s2007 ck 000 0 spa
040 ## - FUENTE DE LA CATALOGACIÓN
Centro catalogador/agencia de origen DO-SdBNP
Lengua de catalogación spa
Centro/agencia transcriptor BNPHU
082 ## - NÚMERO DE LA CLASIFICACIÓN DECIMAL DEWEY
Número de clasificación xxxx
Número de documento/Ítem R695
100 1# - ENTRADA PRINCIPAL--NOMBRE DE PERSONA
Nombre de persona Rodó, José Enrique,
Fechas asociadas al nombre 1871-1917
9 (RLIN) 3052
245 10 - MENCIÓN DE TÍTULO
Título Ariel /
Mención de responsabilidad, etc. José Enrique Rodó ; prólogo de Leopoldo Alas Clarín.
260 ## - PUBLICACIÓN, DISTRIBUCIÓN, ETC.
Lugar de publicación, distribución, etc. México :
Nombre del editor, distribuidor, etc. Panamericana,
Fecha de publicación, distribución, etc. 2007.
300 ## - DESCRIPCIÓN FÍSICA
Extensión 144 p. ;
Dimensiones 18 cm.
490 1# - MENCIÓN DE SERIE
Mención de serie Letras latinoamericanas
500 ## - NOTA GENERAL
Nota general Tercera reimpresión de la primera edición de 1995
700 1# - PUNTO DE ACCESO ADICIONAL--NOMBRE DE PERSONA
Nombre de persona Alas Clarín, Leopoldo
Término indicativo de función/relación pról.
9 (RLIN) 45199
830 #0 - PUNTO DE ACCESO ADICIONAL DE SERIE-TÍTULO UNIFORME
Título uniforme Letras latinoamericanas
9 (RLIN) 22732
Holdings
Estado de retiro Estado de pérdida Restricciones de uso No para préstamo Código de colección Localización permanente Ubicación/localización actual Ubicación en estantería Fecha de adquisición Número de inventario Total de préstamos Signatura topográfica completa Código de barras Fecha visto por última vez Precio válido a partir de Tipo de ítem Koha
      Excluido de préstamo Monografías: Libros y Folletos General General En catalogación 10.10.2011 LF1   xxxx R695 34617-10 25.06.2020 25.06.2020 No se presta

Powered by Koha